000 00655cam a22002171 4500
001 med48000871
003 DLC
005 20260227111610.0
008 750902s1948 moua b 000 0 eng
010 _amed48000871
035 _a(OCoLC)1592213
040 _aDLC
_cFMU
_dOCoLC
_dDLC
042 _apremarc
050 0 0 _aRC311
_b.P872
100 1 _aPottenger, Francis Marion,
_d1869-
245 0 0 _aTuberculosis,
_ba discussion of phthisiogenesis, immunology, pathologic physiology, diagnosis, and treatment.
260 _aSt. Louis,
_bMosby,
_c1948.
300 _a597 p.
_billus.
_c26 cm.
504 _aIncludes bibliographies.
650 0 _aTuberculosis.
999 _c38942
_d38942